Maîtres de guerre - Statistiques

Statistiques générales
  • Ce quiz a été pris 948 fois
    938 depuis la dernière actualisation
  • Le résultat moyen est 12 sur 30
Statistiques - réponses
Hint Réponse % Correct
Général, consul puis empereur des Français. Napoléon
98%
Vainqueur de la campagne de Gaule et dictateur à vie romain. Jules César
80%
Sainte française qui fut brûlée à Rouen. Jeanne d'Arc
77%
Général français qui appella à la resistance. Charles de Gaulle
76%
"Barbare" qui était surnommé "le fléau de Dieu" Attila
72%
Général puis maréchal Français qui finit sa vie en prison. Philippe Pétain
66%
Il traversa les Alpes avec des Eléphants et fut le cauchemar de Rome Hannibal Barca
62%
Le plus célèbre amiral anglais. Horatio Nelson
56%
Roi de Sparte, il combattit, dit-on, face à 1 million de Perses Leonidas
51%
Enfant des steppes devenu maître d'un immense empire Genghis Khan
50%
Grand chef de guerre musulman qui reprit Jérusalem aux Croisés Saladin
50%
Régnant sur un petit royaume, il soumetta le plus grand empire de son temps Alexandre le Grand
49%
Général allemand de la seconde guerre mondiale, partisan du "mur de l'Atlantique" Erwin Rommel
45%
Général américain de la 2ème guerre mondiale, commandant de la 3ème armée. George Smith Patton
42%
Théoricien militaire Chinois de l'antiquité Sun Tzu
39%
Lord anglais qui combattu l'aigle à Waterloo Wellington
34%
Le plus grand maréchal Russe de la seconde guerre mondiale Joukov
27%
Connétable de France pendant la guerre de cent ans, surnommé le Dogue noir de Brocéliande Bertrand du Guesclin
24%
Amiral responsable de Pearl Harbor Yamamoto Isoruku
21%
Maréchal Prussien vainqueur de Napoléon à Waterloo Blücher
20%
Marin malouin qui se fit une richesse immense grâce à la course. Robert Surcouf
19%
Patricien Romain du IIIème et IIème siècle avant J-C. Sa plus grande victoire fut celle de Zama Scipion l'africain
19%
Roi du XVIIIème siècle proche des idées nouvelles et qui fut vainqueur de nombreuses campagnes Fréderic II
15%
Auteur du livre "de la guerre" Karl von Clausewitz
15%
Maréchal français proche cousin de la famille royale et vainqueur de Rocroi. Condé
14%
Grand conquérant très cruel, qui tua environ 5 % de la population mondiale de son époque. Tamerlan
14%
Maréchal français du XVIIème siècle Turenne
12%
Roi qui fit de la suède une puissance militaire au XVIIème siècle Gustave Adolphe
10%
Jeune Roi de Suède qui vainquit une armée 5 fois supérieure à la sienne. Charles XII
5%
Général japonais, surnommé "le Tigre de Malaisie" Yamashita
4%
Aucun quiz correspondant
Distribution des résultats
% des personnes avec chaque résultat
Percentile par nombre de réponses
Votre historique - résultats
Vous n’avez pas pris ce quiz depuis la dernière actualisation